[Event "2FoglarVeterans_SIM_A"]
[Site "?"]
[Date "2006.??.??"]
[Round "?"]
[White "Majstr, Jiri"]
[Black "Fraser, Fred J."]
[Result "1/2-1/2"]
[WhiteElo "2356"]
[BlackElo "2340"]
[PlyCount "78"]
[EventDate "2006.??.??"]
[EventType "corr"]
[EventRounds "1"]
[SourceDate "2007.05.16"]

1. e4 d6 2. d4 Nf6 3. Nc3 g6 4. f4 Bg7 5. Nf3 c5 6. Bb5+ Bd7 7. e5 Ng4 8. dxc5
dxe5 9. h3 e4 10. Nxe4 Qa5+ 11. Bd2 Qxb5 12. hxg4 Bxg4 13. Bc3 Bxc3+ 14. Nxc3
Qxb2 15. Qd4 O-O 16. Nd5 Qxd4 17. Nxd4 Rd8 18. c6 bxc6 19. Nxe7+ Kg7 20. Ndxc6
Rd7 21. O-O f6 22. Rf2 Kf7 23. Rb1 Nxc6 24. Nxc6 Rc8 25. Na5 Rc5 26. Nb3 Rc4
27. Rb2 Rb7 28. a3 Rbc7 29. Rd2 Rxf4 30. Nd4 h5 31. Nb5 Rd7 32. Rxd7+ Bxd7 33.
Nxa7 Rc4 34. Nb5 Ke6 35. Rb3 f5 36. Re3+ Kf6 37. Nc3 Bc6 38. g3 g5 39. Rd3 h4
1/2-1/2

[Event "2FoglarVeterans_SIM_A"]
[Site "?"]
[Date "2006.??.??"]
[Round "?"]
[White "Novak, Vratislav"]
[Black "Staniszewski, Jerzy"]
[Result "0-1"]
[WhiteElo "2287"]
[BlackElo "2323"]
[PlyCount "38"]
[EventDate "2006.??.??"]
[EventType "corr"]
[EventRounds "1"]
[SourceDate "2007.05.16"]

1. e4 e5 2. Nf3 Nc6 3. Bb5 a6 4. Ba4 Nf6 5. O-O Be7 6. Re1 b5 7. Bb3 O-O 8. h3
Bb7 9. d3 d6 10. a3 Qd7 11. Nc3 Nd8 12. d4 exd4 13. Nxd4 Re8 14. Nf5 Ne6 15.
Qf3 c5 16. Be3 c4 17. Ba2 Bf8 18. Rad1 Rac8 19. Nxd6 Bxd6 0-1

[Event "2FoglarVeterans_SIM_A"]
[Site "?"]
[Date "2006.??.??"]
[Round "?"]
[White "Skalicky, Frantisek"]
[Black "Woznica, Miroslaw"]
[Result "1/2-1/2"]
[WhiteElo "2267"]
[BlackElo "2330"]
[PlyCount "57"]
[EventDate "2006.??.??"]
[EventType "corr"]
[EventRounds "1"]
[SourceDate "2007.05.16"]

1. d4 d5 2. c4 c6 3. Nf3 Nf6 4. Nc3 dxc4 5. a4 Bf5 6. e3 e6 7. Bxc4 Bb4 8. O-O
Nbd7 9. Nh4 Bg6 10. f3 Bh5 11. g4 Nd5 12. Ng2 Bg6 13. Na2 Bd6 14. e4 N5b6 15.
Bb3 O-O 16. a5 Nc8 17. e5 Bc7 18. f4 Ne7 19. f5 exf5 20. Bg5 fxg4 21. Qxg4 Bxa5
22. Nh4 Nxe5 23. dxe5 Qb6+ 24. Kh1 Qxb3 25. Bxe7 Qd5+ 26. Qg2 Be4 27. Nf3 Rfe8
28. Bd6 Re6 29. b4 1/2-1/2

[Event "2FoglarVeterans_SIM_A"]
[Site "?"]
[Date "2006.??.??"]
[Round "?"]
[White "Christiansen, Tonny"]
[Black "Skalicky, Frantisek"]
[Result "1/2-1/2"]
[WhiteElo "2342"]
[BlackElo "2267"]
[PlyCount "73"]
[EventDate "2006.??.??"]
[EventType "corr"]
[EventRounds "1"]
[SourceDate "2007.05.16"]

1. e4 e5 2. Nf3 Nc6 3. Bb5 a6 4. Bxc6 dxc6 5. O-O Bd6 6. d4 exd4 7. Qxd4 f6 8.
Be3 Ne7 9. Nbd2 Ng6 10. Nc4 O-O 11. Rad1 Bg4 12. Nxd6 cxd6 13. Qxd6 Qa5 14. Qc5
Qc7 15. Qc3 f5 16. Bc5 Rf6 17. e5 Bxf3 18. exf6 Bxd1 19. Rxd1 gxf6 20. Qxf6 Qe5
21. Rd8+ Rxd8 22. Qxd8+ Kf7 23. Qd7+ Ne7 24. Qxe7+ Qxe7 25. Bxe7 Kxe7 26. f4 c5
27. h3 h5 28. Kf2 h4 29. b3 Ke6 30. c3 Kf6 31. b4 b6 32. Ke2 Ke6 33. Kf3 a5 34.
b5 Kf7 35. g4 hxg3 36. a4 Kg6 37. Kxg3 1/2-1/2

[Event "2FoglarVeterans_SIM_A"]
[Site "?"]
[Date "2006.??.??"]
[Round "?"]
[White "Skalicky, Frantisek"]
[Black "Staniszewski, Jerzy"]
[Result "0-1"]
[WhiteElo "2267"]
[BlackElo "2323"]
[PlyCount "72"]
[EventDate "2006.??.??"]
[EventType "corr"]
[EventRounds "1"]
[SourceDate "2007.05.16"]

1. d4 Nf6 2. c4 e6 3. Nf3 b6 4. g3 Ba6 5. b3 Bb4+ 6. Bd2 Be7 7. Nc3 O-O 8. e4
d5 9. Qc2 c5 10. cxd5 exd5 11. e5 cxd4 12. Nxd4 Bc5 13. Nf3 Ng4 14. Bxa6 Nxa6
15. O-O f6 16. e6 Ne5 17. Qf5 d4 18. Na4 Qd5 19. Nh4 g6 20. Qh3 f5 21. Bf4 Rae8
22. Bxe5 Qxe5 23. Nf3 Qd5 24. Ng5 h5 25. Qg2 Qxg2+ 26. Kxg2 Be7 27. Nf3 Bf6 28.
Rad1 b5 29. Nb2 Rxe6 30. Nd3 Rd6 31. Rfe1 Kg7 32. h4 Rc8 33. Re2 Nb8 34. Red2
a6 35. Nb2 Kh7 36. Nc4 bxc4 0-1

[Event "2FoglarVeterans_SIM_A"]
[Site "?"]
[Date "2006.??.??"]
[Round "?"]
[White "Kriksciunas, Bronislavas"]
[Black "Skalicky, Frantisek"]
[Result "1/2-1/2"]
[WhiteElo "2307"]
[BlackElo "2267"]
[PlyCount "62"]
[EventDate "2006.??.??"]
[EventType "corr"]
[EventRounds "1"]
[SourceDate "2007.05.16"]

1. d4 d5 2. c4 e6 3. Nc3 Bb4 4. Nf3 dxc4 5. e3 b5 6. a4 c6 7. Bd2 Bxc3 8. Bxc3
Nf6 9. axb5 cxb5 10. b3 O-O 11. bxc4 bxc4 12. Bxc4 Bb7 13. O-O Nbd7 14. Bd3 Qc7
15. Ba5 Qd6 16. Qd2 Rfc8 17. Bb4 Qb6 18. Rfb1 Be4 19. Be7 Qc7 20. Ba6 Bxb1 21.
Bxc8 Rxc8 22. Rxb1 a5 23. Ba3 Ne4 24. Qd3 Qc3 25. Qxe4 Qxa3 26. g4 Nf6 27. Qb7
Rf8 28. Ne5 h6 29. Qb3 Qxb3 30. Rxb3 Ra8 31. Ra3 Kf8 1/2-1/2

[Event "2FoglarVeterans_SIM_A"]
[Site "?"]
[Date "2006.??.??"]
[Round "?"]
[White "Skalicky, Frantisek"]
[Black "Fraser, Fred J."]
[Result "1/2-1/2"]
[WhiteElo "2267"]
[BlackElo "2340"]
[PlyCount "50"]
[EventDate "2006.??.??"]
[EventType "corr"]
[EventRounds "1"]
[SourceDate "2007.05.16"]

1. d4 Nf6 2. c4 e6 3. Nf3 b6 4. g3 Ba6 5. b3 Bb4+ 6. Bd2 Be7 7. Bg2 c6 8. O-O
d5 9. Nc3 Nbd7 10. e4 dxc4 11. Qe2 b5 12. Rfd1 Rc8 13. Bg5 h6 14. Bxf6 Nxf6 15.
bxc4 bxc4 16. Ne5 O-O 17. Rac1 Qc7 18. Nxc4 Rb8 19. Na4 Rb4 20. Nab2 Rfb8 21.
Qd2 h5 22. e5 Nd5 23. Be4 h4 24. Rc2 Bb5 25. Rdc1 Rd8 1/2-1/2

[Event "2FoglarVeterans_SIM_A"]
[Site "?"]
[Date "2006.??.??"]
[Round "?"]
[White "Vasile, Constantin"]
[Black "Staniszewski, Jerzy"]
[Result "1/2-1/2"]
[WhiteElo "2129"]
[BlackElo "2323"]
[PlyCount "103"]
[EventDate "2006.??.??"]
[EventType "corr"]
[EventRounds "1"]
[SourceDate "2007.05.16"]

1. d4 Nf6 2. c4 e6 3. Nf3 d5 4. Nc3 c6 5. e3 Nbd7 6. Bd3 dxc4 7. Bxc4 b5 8. Bd3
Bb7 9. O-O a6 10. e4 c5 11. d5 Qc7 12. dxe6 fxe6 13. Bc2 c4 14. Ng5 Nc5 15. Qf3
O-O-O 16. Bf4 Bd6 17. Bxd6 Rxd6 18. Qh3 Rhd8 19. e5 Rd2 20. Rac1 Nd5 21. Nxd5
R2xd5 22. Nxe6 Nxe6 23. Qxe6+ Kb8 24. Rfd1 Ka7 25. Rxd5 Rxd5 26. Bxh7 Rxe5 27.
Qg4 Qd8 28. h4 Qd2 29. Rc2 Qd5 30. b3 Re1+ 31. Kh2 Qe5+ 32. Qg3 Qd4 33. Bf5 g6
34. Bg4 Qa1 35. Qc3 Rh1+ 36. Kg3 Qg1 37. Kf4 Qxg2 38. f3 Qg1 39. bxc4 bxc4 40.
Qxc4 Qd1 41. Re2 Qd6+ 42. Kg5 Qd8+ 43. Kxg6 Rxh4 44. Qc5+ Ka8 45. Qe7 Qg8+ 46.
Qg7 Qb8 47. Re7 Rh8 48. Rxb7 Qd6+ 49. Kf7 Qd5+ 50. Kf6 Qc6+ 51. Ke5 Qc5+ 52.
Ke6 1/2-1/2

[Event "2FoglarVeterans_SIM_A"]
[Site "?"]
[Date "2006.??.??"]
[Round "?"]
[White "Staniszewski, Jerzy"]
[Black "Woznica, Miroslaw"]
[Result "1-0"]
[WhiteElo "2323"]
[BlackElo "2330"]
[PlyCount "55"]
[EventDate "2006.??.??"]
[EventType "corr"]
[EventRounds "1"]
[SourceDate "2007.05.16"]

1. e4 e5 2. Nf3 Nc6 3. Bb5 a6 4. Ba4 Nf6 5. O-O Bc5 6. c3 Ng4 7. d4 Ba7 8. h3
h5 9. Na3 Qf6 10. Nc2 b5 11. Bb3 exd4 12. cxd4 Qg6 13. Nh4 Qh7 14. Qf3 f6 15.
a4 Bb7 16. axb5 Nxd4 17. Nxd4 Bxd4 18. Nf5 Bc5 19. bxa6 Rxa6 20. Rxa6 Bxa6 21.
Qc3 g6 22. Qxc5 Bxf1 23. Nh4 Bxg2 24. Qxc7 Bxe4 25. Qb8+ Ke7 26. Qb4+ Kd8 27.
hxg4 g5 28. Qd6 1-0

[Event "2FoglarVeterans_SIM_A"]
[Site "?"]
[Date "2006.??.??"]
[Round "?"]
[White "Janos, Jozef"]
[Black "Skalicky, Frantisek"]
[Result "1/2-1/2"]
[WhiteElo "2395"]
[BlackElo "2267"]
[PlyCount "168"]
[EventDate "2006.??.??"]
[EventType "corr"]
[EventRounds "1"]
[SourceDate "2007.05.16"]

1. e4 e5 2. Nf3 Nc6 3. Bb5 a6 4. Ba4 Nf6 5. O-O Be7 6. Re1 b5 7. Bb3 d6 8. c3
O-O 9. h3 Na5 10. Bc2 c5 11. d4 Qc7 12. Nbd2 cxd4 13. cxd4 Bb7 14. d5 Rac8 15.
Bb1 Nd7 16. Nf1 Nc4 17. Ng3 Nc5 18. b3 Nb6 19. Nf5 Bd8 20. Bd2 g6 21. Nh6+ Kh8
22. Ng5 Qd7 23. Qf3 Bxg5 24. Bxg5 f5 25. exf5 Nxd5 26. Qg4 Rc7 27. Rd1 gxf5 28.
Bxf5 Qg7 29. Rac1 b4 30. h4 e4 31. Bxe4 Nxe4 32. Qxe4 Nc3 33. Qg4 Bc8 34. Qh5
Qg6 35. Qxg6 hxg6 36. Kf1 d5 37. Rd4 a5 38. f3 Ba6+ 39. Kf2 Ne4+ 40. Ke1 Nxg5
41. Rxc7 Re8+ 42. Kd1 Ne6 43. Ra7 Nxd4 44. Rxa6 Re2 45. Rxa5 Rxg2 46. Nf7+ Kg7
47. Ne5 Nf5 48. Nd3 Rg1+ 49. Ke2 Rg2+ 50. Kf1 Nxh4 51. Nxb4 d4 52. f4 Rh2 53.
Re5 Kf6 54. Nd5+ Kf7 55. Re7+ Kf8 56. Re2 Rh1+ 57. Kf2 Nf5 58. Nb4 Kf7 59. Nd3
Rh2+ 60. Ke1 Rh1+ 61. Kd2 Ne3 62. Ne5+ Kf6 63. Kd3 Nd5 64. Nd7+ Kf7 65. Rf2 Ke7
66. Nc5 Rh4 67. Kxd4 Nxf4 68. Ke5 Rh5+ 69. Kxf4 Rxc5 70. a4 Rf5+ 71. Ke3 Ra5
72. Ra2 Kd6 73. Kd4 g5 74. Rh2 Rd5+ 75. Kc4 Rc5+ 76. Kb4 Rc8 77. Rd2+ Ke5 78.
a5 g4 79. Kb5 Rb8+ 80. Ka4 Rg8 81. b4 g3 82. Rg2 Kd6 83. Kb5 Kc7 84. Kc4 Rg4+
1/2-1/2

[Event "2FoglarVeterans_SIM_A"]
[Site "?"]
[Date "2006.??.??"]
[Round "?"]
[White "Skalicky, Frantisek"]
[Black "Majstr, Jiri"]
[Result "1-0"]
[WhiteElo "2267"]
[BlackElo "2356"]
[PlyCount "87"]
[EventDate "2006.??.??"]
[EventType "corr"]
[EventRounds "1"]
[SourceDate "2007.05.16"]

1. d4 Nf6 2. c4 e6 3. Nf3 b6 4. g3 Ba6 5. b3 Bb4+ 6. Bd2 Be7 7. Nc3 O-O 8. e4
d5 9. Qc2 c5 10. cxd5 cxd4 11. Nxd4 exd5 12. e5 Bc5 13. Be3 Re8 14. f4 Ng4 15.
Bg1 f6 16. Bg2 Bb7 17. O-O-O fxe5 18. Nf5 Ba3+ 19. Kb1 e4 20. Nxe4 g6 21. Nc3
Nd7 22. Nb5 Qf6 23. Nxa3 Rac8 24. Qd3 Qxf5 25. Qxf5 gxf5 26. Nb5 Re6 27. Nd4
Rf6 28. Bf3 Rc3 29. Be2 Nh6 30. Nb5 Rc8 31. Nxa7 Rd8 32. Bd4 Re6 33. Rd2 Nf6
34. Rc1 Ne4 35. Rdc2 Ng4 36. Bxg4 fxg4 37. Rc7 Nd6 38. Rg7+ Kf8 39. Rcc7 Ba6
40. Bxb6 Bd3+ 41. Kb2 Re2+ 42. Kc3 Bg6 43. Bc5 Rde8 44. Bxd6+ 1-0

[Event "2FoglarVeterans_SIM_A"]
[Site "?"]
[Date "2006.??.??"]
[Round "?"]
[White "Christiansen, Tonny"]
[Black "Staniszewski, Jerzy"]
[Result "1/2-1/2"]
[WhiteElo "2342"]
[BlackElo "2323"]
[PlyCount "67"]
[EventDate "2006.??.??"]
[EventType "corr"]
[EventRounds "1"]
[SourceDate "2007.05.16"]

1. e4 c5 2. Nc3 Nc6 3. Nf3 Nf6 4. Bb5 Qc7 5. O-O Nd4 6. Re1 a6 7. Be2 e5 8. d3
b5 9. Bg5 b4 10. Na4 Nxf3+ 11. Bxf3 Be7 12. c3 bxc3 13. Nxc3 Qd8 14. Bxf6 Bxf6
15. Nd5 O-O 16. Bg4 Bb7 17. Nxf6+ Qxf6 18. Bxd7 Rfd8 19. Ba4 c4 20. Bc2 Rd4 21.
Qe2 cxd3 22. Bxd3 Rad8 23. Rad1 h6 24. Bb1 a5 25. Rxd4 Rxd4 26. h3 Ba6 27. Qe3
Qd6 28. Bc2 a4 29. Rc1 Qb4 30. Qc3 Qb6 31. b3 a3 32. Re1 Rd8 33. Bb1 Rd4 34.
Rc1 1/2-1/2

[Event "2FoglarVeterans_SIM_A"]
[Site "?"]
[Date "2006.??.??"]
[Round "?"]
[White "Skalicky, Frantisek"]
[Black "Novak, Vratislav"]
[Result "0-1"]
[WhiteElo "2267"]
[BlackElo "2287"]
[PlyCount "82"]
[EventDate "2006.??.??"]
[EventType "corr"]
[EventRounds "1"]
[SourceDate "2007.05.16"]

1. d4 d5 2. c4 e6 3. Nc3 Nf6 4. Nf3 c6 5. e3 Nbd7 6. Bd3 dxc4 7. Bxc4 b5 8. Bd3
Bb7 9. O-O a6 10. e4 c5 11. e5 cxd4 12. Nxd4 Nxe5 13. Bf4 Bd6 14. Be2 O-O 15.
Re1 Qb8 16. h3 Rd8 17. Qc2 b4 18. Na4 Nd3 19. Bxd3 Bxf4 20. Nb3 Bd5 21. Nbc5 a5
22. Qe2 Qc7 23. Rad1 Rac8 24. Ba6 Rb8 25. Bc4 Ba8 26. b3 Qc6 27. f3 Qc7 28. Rd3
Bd5 29. Red1 Rd6 30. Ne4 Nxe4 31. fxe4 Bxc4 32. bxc4 Rxd3 33. Qxd3 Rf8 34. c5
Qc6 35. Qc2 f5 36. exf5 Be3+ 37. Kh1 Rxf5 38. Qe2 Rf2 39. Qg4 Rxa2 40. Nb6 g5
41. Rf1 h6 0-1

[Event "2FoglarVeterans_SIM_A"]
[Site "?"]
[Date "2006.??.??"]
[Round "?"]
[White "Fraser, Fred J."]
[Black "Staniszewski, Jerzy"]
[Result "0-1"]
[WhiteElo "2340"]
[BlackElo "2323"]
[PlyCount "66"]
[EventDate "2006.??.??"]
[EventType "corr"]
[EventRounds "1"]
[SourceDate "2007.05.16"]

1. e4 c5 2. Nf3 d6 3. d4 cxd4 4. Nxd4 Nf6 5. Nc3 a6 6. f4 e6 7. Qf3 Nbd7 8. g4
h6 9. Be3 e5 10. Nb3 exf4 11. Qxf4 Ne5 12. h3 Be7 13. O-O-O b5 14. Bd4 Qc7 15.
g5 Ng6 16. Qf2 hxg5 17. Bb6 Qb8 18. Nd5 Nxd5 19. exd5 Bd7 20. Rg1 f5 21. Na5
Bf6 22. Nc6 Qb7 23. Bg2 Ne5 24. Na5 Qc8 25. Nc6 O-O 26. Bd4 a5 27. Bf1 b4 28.
Kb1 Qb7 29. Bd3 g6 30. Be3 b3 31. Nxe5 bxa2+ 32. Ka1 Rab8 33. Nc4 Bxb2+ 0-1

[Event "2FoglarVeterans_SIM_A"]
[Site "?"]
[Date "2006.??.??"]
[Round "?"]
[White "Christiansen, Tonny"]
[Black "Majstr, Jiri"]
[Result "1/2-1/2"]
[WhiteElo "2342"]
[BlackElo "2356"]
[PlyCount "124"]
[EventDate "2006.??.??"]
[EventType "corr"]
[EventRounds "1"]
[SourceDate "2007.05.16"]

1. e4 c5 2. Nf3 d6 3. d4 cxd4 4. Nxd4 Nf6 5. Nc3 a6 6. Be3 Ng4 7. Bg5 h6 8. Bh4
g5 9. Bg3 Bg7 10. h3 Ne5 11. Qd2 Nbc6 12. O-O-O Nxd4 13. Qxd4 Be6 14. Nd5 Qa5
15. Kb1 Rc8 16. f3 Qc5 17. Qd2 Nc4 18. Bxc4 Qxc4 19. Bf2 Bxd5 20. exd5 Qf4 21.
Be3 Qf6 22. Qb4 O-O 23. Qb3 Rc4 24. c3 Qf5+ 25. Qc2 Qxc2+ 26. Kxc2 Rfc8 27. Rd3
b5 28. g4 f5 29. a3 Kf7 30. h4 Kg6 31. Bd2 a5 32. hxg5 hxg5 33. Re1 Bf6 34. b3
R4c7 35. gxf5+ Kxf5 36. Re4 Rh8 37. a4 b4 38. c4 Rh2 39. Kd1 Rc8 40. Re2 Rh1+
41. Re1 Rch8 42. Be3 Bc3 43. Rxh1 Rxh1+ 44. Ke2 Re1+ 45. Kf2 Rb1 46. c5 dxc5
47. Bxc5 Kf6 48. Re3 Rxb3 49. Bxe7+ Kf7 50. Bc5 Rb2+ 51. Re2 Rb1 52. Re7+ Kg6
53. d6 b3 54. Re6+ Kf5 55. d7 Rd1 56. Rd6 Rxd6 57. Bxd6 Bf6 58. Ba3 Ke6 59. Bb2
Bd8 60. Ke2 Kxd7 61. Kd3 Ke6 62. Bc1 Kd5 1/2-1/2

[Event "2FoglarVeterans_SIM_A"]
[Site "?"]
[Date "2006.??.??"]
[Round "?"]
[White "Staniszewski, Jerzy"]
[Black "Janos, Jozef"]
[Result "1-0"]
[WhiteElo "2323"]
[BlackElo "2395"]
[PlyCount "71"]
[EventDate "2006.??.??"]
[EventType "corr"]
[EventRounds "1"]
[SourceDate "2007.05.16"]

1. e4 c5 2. Nc3 Nc6 3. Nf3 e5 4. Bc4 d6 5. d3 Be7 6. O-O Nf6 7. Ng5 O-O 8. f4
Bg4 9. Qe1 exf4 10. Bxf4 Bh5 11. Qd2 Nd4 12. Rae1 Qd7 13. Nd5 Nxd5 14. Bxd5 h6
15. Nh3 Nf3+ 16. gxf3 Qxh3 17. Qf2 Bh4 18. Bg3 Bf6 19. c3 Qd7 20. Qg2 Rad8 21.
f4 g6 22. f5 Kh8 23. Qh3 Qe7 24. Re2 Bg5 25. Ref2 Be3 26. Bh4 Bxf2+ 27. Rxf2
Qd7 28. Kh1 b6 29. Bf6+ Kh7 30. Rf4 Rfe8 31. Rh4 Re7 32. a3 Rf8 33. b3 Rd8 34.
Bc6 Qxc6 35. fxg6+ fxg6 36. Rxh5 1-0

[Event "2FoglarVeterans_SIM_A"]
[Site "?"]
[Date "2006.??.??"]
[Round "?"]
[White "Majstr, Jiri"]
[Black "Staniszewski, Jerzy"]
[Result "0-1"]
[WhiteElo "2356"]
[BlackElo "2323"]
[PlyCount "64"]
[EventDate "2006.??.??"]
[EventType "corr"]
[EventRounds "1"]
[SourceDate "2007.05.16"]

1. e4 c5 2. Nf3 d6 3. d4 cxd4 4. Nxd4 Nf6 5. Nc3 a6 6. Be3 e6 7. f3 b5 8. g4
Nfd7 9. Qd2 Nb6 10. O-O-O N8d7 11. Qf2 Bb7 12. Bd3 Rc8 13. Nce2 Qc7 14. Kb1 d5
15. Ng3 Nc4 16. Bxc4 bxc4 17. Nde2 dxe4 18. Nxe4 Bb4 19. g5 O-O 20. h4 Bxe4 21.
fxe4 Qb7 22. h5 Nc5 23. Bxc5 Rxc5 24. Qf3 Rxg5 25. h6 Rb8 26. b3 Bf8 27. hxg7
Bxg7 28. Rd2 Qc7 29. Rhd1 Qa5 30. Nd4 Qa3 31. Qc3 Rc8 32. Rf1 Rg3 0-1

[Event "2FoglarVeterans_SIM_A"]
[Site "?"]
[Date "2006.??.??"]
[Round "?"]
[White "Vasile, Constantin"]
[Black "Skalicky, Frantisek"]
[Result "1-0"]
[WhiteElo "2129"]
[BlackElo "2267"]
[PlyCount "85"]
[EventDate "2006.??.??"]
[EventType "corr"]
[EventRounds "1"]
[SourceDate "2007.05.16"]

1. d4 d5 2. c4 e6 3. Nc3 Nf6 4. Bg5 Be7 5. cxd5 exd5 6. e3 c6 7. Bd3 O-O 8. Qc2
Re8 9. Nge2 Nbd7 10. O-O Nf8 11. f3 N6d7 12. Bxe7 Qxe7 13. e4 dxe4 14. fxe4 Rd8
15. Bc4 Ne6 16. Bb3 Nb6 17. e5 a5 18. Rad1 Ng5 19. Rf2 Be6 20. h4 a4 21. Nxa4
Bxb3 22. Qxb3 Rxa4 23. hxg5 Rb4 24. Rxf7 Qxf7 25. Qxb4 Rf8 26. Qb3 Nc4 27. Nf4
Nxe5 28. Ne6 Qf2+ 29. Kh1 Ng4 30. Nxf8+ Kxf8 31. Qb4+ Kf7 32. Qe1 Kg6 33. d5
Qf4 34. g3 Qf3+ 35. Kg1 Ne3 36. Rd2 Nxd5 37. Qe5 h5 38. gxh6 Kxh6 39. Re2 Kg6
40. Qe8+ Kg5 41. a4 Kh6 42. Qe6+ g6 43. Qe5 1-0

[Event "2FoglarVeterans_SIM_A"]
[Site "?"]
[Date "2006.??.??"]
[Round "?"]
[White "Staniszewski, Jerzy"]
[Black "Kuta, Jiri"]
[Result "1/2-1/2"]
[WhiteElo "2323"]
[BlackElo "2330"]
[PlyCount "60"]
[EventDate "2006.??.??"]
[EventType "corr"]
[EventRounds "1"]
[SourceDate "2007.05.16"]

1. e4 c5 2. Nc3 Nc6 3. Nge2 Nf6 4. d4 cxd4 5. Nxd4 e5 6. Ndb5 d6 7. Bg5 a6 8.
Na3 b5 9. Bxf6 gxf6 10. Nd5 f5 11. c3 Bg7 12. Bd3 Be6 13. Qh5 O-O 14. exf5 Bxd5
15. f6 e4 16. fxg7 Re8 17. Be2 Re5 18. Qh6 Qg5 19. Qxg5 Rxg5 20. O-O Rd8 21.
Rfd1 Kxg7 22. h4 Re5 23. Rd2 b4 24. Nc2 bxc3 25. bxc3 Be6 26. Bxa6 Rc5 27. Ne3
Rxc3 28. Rad1 Nb4 29. Rxd6 Rxd6 30. Rxd6 Nxa2 1/2-1/2

[Event "2FoglarVeterans_SIM_A"]
[Site "?"]
[Date "2006.??.??"]
[Round "?"]
[White "Strnad, Jiri"]
[Black "Vasile, Constantin"]
[Result "1/2-1/2"]
[WhiteElo "2303"]
[BlackElo "2129"]
[PlyCount "69"]
[EventDate "2006.??.??"]
[EventType "corr"]
[EventRounds "1"]
[SourceDate "2007.05.16"]

1. e4 c5 2. Nf3 Nc6 3. d4 cxd4 4. Nxd4 Nf6 5. Nc3 e6 6. a3 d5 7. Bb5 Bd7 8.
exd5 exd5 9. O-O Be7 10. Nf3 a6 11. Bd3 O-O 12. Re1 Re8 13. Bg5 d4 14. Bxf6
Bxf6 15. Rxe8+ Bxe8 16. Ne4 Be7 17. Qe2 Bd7 18. Re1 Be6 19. Ned2 Rc8 20. Bc4
Bxc4 21. Qxc4 b5 22. Qd3 g6 23. Nb3 Bf6 24. Qd2 Qd5 25. Nc1 Ne5 26. Nxe5 Bxe5
27. Nd3 Bd6 28. Re2 Kg7 29. Ne1 Bc5 30. Qa5 Bd6 31. Qd2 Bc5 32. h3 Qa2 33. Nd3
Bd6 34. Qe1 Qc4 35. Kf1 1/2-1/2

[Event "2FoglarVeterans_SIM_A"]
[Site "?"]
[Date "2006.??.??"]
[Round "?"]
[White "Strnad, Jiri"]
[Black "Janos, Jozef"]
[Result "1/2-1/2"]
[WhiteElo "2303"]
[BlackElo "2395"]
[PlyCount "73"]
[EventDate "2006.??.??"]
[EventType "corr"]
[EventRounds "1"]
[SourceDate "2007.05.16"]

1. e4 c5 2. Nc3 Nc6 3. Nf3 e5 4. Bc4 d6 5. d3 Be7 6. O-O Nf6 7. Nd5 O-O 8. c3
Be6 9. a3 Bxd5 10. exd5 Na5 11. Ba2 b6 12. b4 Nb7 13. Re1 Re8 14. Qa4 Qc8 15.
Qa6 Nd8 16. Qxc8 Rxc8 17. Bc4 Rc7 18. Bb5 Rf8 19. c4 Nh5 20. Rb1 Nb7 21. Bd2 f5
22. Bc6 cxb4 23. axb4 Nd8 24. b5 h6 25. h4 Bf6 26. Bb4 Nf7 27. g3 g5 28. hxg5
hxg5 29. Kg2 Kg7 30. Nd2 g4 31. Rb3 Re7 32. Ra3 Rc8 33. Rea1 Rcc7 34. R3a2 Kg6
35. Re1 Bg5 36. Nf1 Nf6 37. Rea1 1/2-1/2

[Event "2FoglarVeterans_SIM_A"]
[Site "?"]
[Date "2006.??.??"]
[Round "?"]
[White "Strnad, Jiri"]
[Black "Kuta, Jiri"]
[Result "0-1"]
[WhiteElo "2303"]
[BlackElo "2330"]
[PlyCount "100"]
[EventDate "2006.??.??"]
[EventType "corr"]
[EventRounds "1"]
[SourceDate "2007.05.16"]

1. d4 Nf6 2. c4 g6 3. Nc3 Bg7 4. e4 d6 5. Be2 O-O 6. Bg5 Na6 7. Nf3 h6 8. Bf4
e5 9. dxe5 Nh5 10. Be3 dxe5 11. Qc1 Nf4 12. Bxf4 exf4 13. Qxf4 g5 14. Qd2 f5
15. O-O-O Qxd2+ 16. Nxd2 Be6 17. Nd5 fxe4 18. Nxe4 Rae8 19. f3 Bf5 20. Ndc3 g4
21. Rhe1 h5 22. a3 h4 23. Rd5 Re7 24. h3 gxh3 25. gxh3 c6 26. Ra5 Bd4 27. b4
Nc7 28. c5 a6 29. Nb1 Nd5 30. Nbd2 Bxh3 31. Rh1 Nf4 32. Bc4+ Kg7 33. Kc2 Kg6
34. Ra4 Be5 35. Bd3 Kh5 36. Bf1 Bf5 37. Kc1 Nd5 38. Bh3 Bxh3 39. Rxh3 Rg7 40.
Nc4 Bf4+ 41. Kc2 Rg2+ 42. Kb3 Rh2 43. Rxh2 Bxh2 44. Ncd2 h3 45. Nf2 Bf4 46. Nf1
Be5 47. Nd2 h2 48. b5 Nc3 49. Rb4 a5 50. Rc4 Nb1 0-1

[Event "2FoglarVeterans_SIM_A"]
[Site "?"]
[Date "2006.??.??"]
[Round "?"]
[White "Strnad, Jiri"]
[Black "Skalicky, Frantisek"]
[Result "1-0"]
[WhiteElo "2303"]
[BlackElo "2267"]
[PlyCount "103"]
[EventDate "2006.??.??"]
[EventType "corr"]
[EventRounds "1"]
[SourceDate "2007.05.16"]

1. e4 e6 2. d4 d5 3. Nd2 c5 4. Ngf3 cxd4 5. exd5 Qxd5 6. Bc4 Qh5 7. O-O Nc6 8.
Nb3 e5 9. Nxe5 Qxd1 10. Rxd1 Nxe5 11. Re1 f6 12. f4 Bb4 13. c3 dxc3 14. fxe5
fxe5 15. Rxe5+ Ne7 16. Re4 Bd6 17. Nd4 cxb2 18. Bxb2 a6 19. Rae1 Ra7 20. Be6
Kd8 21. Rd1 Kc7 22. Bxc8 Nxc8 23. Ne6+ Kb8 24. Red4 Be7 25. Rd7 Bf6 26. Bc1 g5
27. Rf7 Be5 28. Rd5 Bd6 29. Rd7 Nb6 30. R7xd6 Nxd5 31. Rxd5 b5 32. Bxg5 Re8 33.
Rd6 Kc8 34. Rb6 Kd7 35. Nc5+ Kc7 36. Rf6 a5 37. Kf2 Kb8 38. Bf4+ Ka8 39. Kf3 b4
40. Ne4 Rae7 41. Nd6 Rd8 42. Rf5 Ra7 43. Nc4 Ra6 44. Nxa5 Rd3+ 45. Ke4 Rd8 46.
g4 Re6+ 47. Be5 Rd2 48. Rf8+ Ka7 49. Nc4 Rxa2 50. Rf7+ Ka6 51. Rxh7 Rc2 52. Kd5
1-0

[Event "2FoglarVeterans_SIM_A"]
[Site "?"]
[Date "2006.??.??"]
[Round "?"]
[White "Strnad, Jiri"]
[Black "Christiansen, Tonny"]
[Result "0-1"]
[WhiteElo "2303"]
[BlackElo "2342"]
[PlyCount "106"]
[EventDate "2006.??.??"]
[EventType "corr"]
[EventRounds "1"]
[SourceDate "2007.05.16"]

1. e4 e5 2. Nf3 Nc6 3. d4 exd4 4. Nxd4 Qh4 5. Nc3 Bb4 6. Be2 Qxe4 7. Ndb5 Bxc3+
8. bxc3 Kd8 9. O-O Nf6 10. Bf3 Qc4 11. Rb1 Re8 12. Bg5 a6 13. Nd4 Nxd4 14. cxd4
a5 15. Qd2 Ra6 16. d5 h6 17. Bxf6+ Rxf6 18. Rbe1 Qc5 19. Rxe8+ Kxe8 20. Qd3 Kd8
21. c4 b6 22. Re1 Bb7 23. Qh7 Qf8 24. Qd3 Qb4 25. Qe2 c6 26. h3 Kc7 27. Rc1 Rd6
28. Qe5 Qc5 29. Qxg7 cxd5 30. Qxf7 b5 31. Qf5 bxc4 32. Qe5 Qb4 33. Bg4 Kb6 34.
a3 Qxa3 35. Qd4+ Qc5 36. Rb1+ Kc6 37. Qxc5+ Kxc5 38. Rxb7 Ra6 39. Bxd7 a4 40.
Rb5+ Kd4 41. Bc8 Ra7 42. Be6 a3 43. Rxd5+ Kc3 44. Rd1 a2 45. Ra1 Ra4 46. g4 Kb2
47. Rxa2+ Kxa2 48. Kg2 Kb2 49. Bf5 c3 50. Kg3 c2 51. Bxc2 Kxc2 52. Kh4 Ra3 53.
f4 Kd3 0-1

[Event "2FoglarVeterans_SIM_A"]
[Site "?"]
[Date "2006.??.??"]
[Round "?"]
[White "Strnad, Jiri"]
[Black "Kriksciunas, Bronislavas"]
[Result "1/2-1/2"]
[WhiteElo "2303"]
[BlackElo "2307"]
[PlyCount "55"]
[EventDate "2006.??.??"]
[EventType "corr"]
[EventRounds "1"]
[SourceDate "2007.05.16"]

1. e4 c5 2. Nc3 Nc6 3. Nf3 g6 4. d4 cxd4 5. Nxd4 Bg7 6. Be3 Nf6 7. Bc4 O-O 8.
Bb3 d6 9. f3 Bd7 10. Qd2 Nxd4 11. Bxd4 b5 12. h4 a5 13. h5 a4 14. Bd5 e5 15. h6
Bxh6 16. Qxh6 exd4 17. e5 Re8 18. O-O-O Rxe5 19. Rxd4 Rc8 20. Ne4 Bf5 21. Bxf7+
Kxf7 22. Rxd6 Qe7 23. Rxf6+ Kg8 24. Rd6 Bxe4 25. fxe4 Qf7 26. Rf6 Qg7 27. Qxg7+
Kxg7 28. Rb6 1/2-1/2